| 000 | 02868cam a2200637 i 4500 | ||
|---|---|---|---|
| 001 | xx004927987 | ||
| 003 | NUKAT | ||
| 005 | 20260430140215.0 | ||
| 008 | 200819s2020 pl |001 0 pol c | ||
| 020 |
_a9788380989221 _q(oprawa twarda) : _czł 45,00 |
||
| 035 | _a(OCoLC)1241602931 | ||
| 035 | _a(NUKAT)xx004927987 | ||
| 040 |
_aŁ U/GS _bpol _erda _cŁ U/GS _dŁ U/GS _dWR U/KPs _dGD U/AEKs _dŁ U/JŁs _dŁ U/GS _dWA 14/MBs _dOLSZT 008/bak |
||
| 045 | 0 | _bd1981 | |
| 046 |
_k2020 _o1981 |
||
| 099 | _aja2020007839 | ||
| 100 | 1 |
_aJaskułowski, Tytus _d(1976- ). _eAutor _940675 |
|
| 245 | 1 | 0 |
_aW przededniu stanu wojennego : czerwiec-grudzień 1981 / _cTytus Jaskułowski, Filip Gańczak, Konrad Knoch, Piotr Abryszeński, Ewa Pejaś ; Instytut Pamięci Narodowej. Komisja Ścigania Zbrodni przeciwko Narodowi Polskiemu. |
| 246 | 3 |
_aW przededniu stanu wojennego : _bczerwiec-grudzień 1981 |
|
| 260 |
_aSzczecin ; _aWarszawa : _bInstytut Pamięci Narodowej. Komisja Ścigania Zbrodni Przeciwko Narodowi Polskiemu, _c2020. |
||
| 300 |
_a583 strony ; _c25 cm. |
||
| 336 |
_aTekst _btxt _2rdacontent |
||
| 337 |
_aBez urządzenia pośredniczącego _bn _2rdamedia |
||
| 338 |
_aWolumin _bnc _2rdacarrier |
||
| 380 | _aKsiążki | ||
| 380 | _aPublikacje naukowe | ||
| 388 | 1 | _a1901-2000 | |
| 388 | 1 | _a1945-1989 | |
| 388 | 1 | _a2001- | |
| 490 | 1 |
_aRaporty Polskie Stasi ; _vT. 1 |
|
| 504 | _aBibliografia na stronach 555-565. Indeks. | ||
| 610 | 2 | 7 |
_aStasi _2DBN _941053 |
| 610 | 1 | 7 |
_aNiemcy. _bMinisterium für Staatssicherheit _xźródła. _2kaba _941054 |
| 610 | 1 | 7 |
_aNiemcy. _bMinisterium für Staatssicherheit _xi Polska _xźródła. _2kaba _941055 |
| 610 | 1 | 7 |
_aNiemcy. _bMinisterium für Staatssicherheit _xdokumenty i korespondencja. _2kaba _941056 |
| 610 | 2 | 7 |
_aNiezależny Samorządny Związek Zawodowy "Solidarność" _y1970-2000 _xźródła. _2kaba _941057 |
| 648 | 7 |
_a2001- _2DBN _936393 |
|
| 650 | 7 |
_aSłużba bezpieczeństwa _2DBN _936912 |
|
| 650 | 7 |
_aWydarzenia w Polsce (1980-1981) _2DBN _939431 |
|
| 651 | 7 |
_aNRD _2DBN _940082 |
|
| 651 | 7 |
_aPolska _2DBN _935076 |
|
| 651 | 7 |
_aPolska _y1981-1983 (Stan wojenny) _vźródła. _2kaba _941058 |
|
| 651 | 7 |
_aPolska _xpolityka i rządy _y1980-1989 _vźródła. _2kaba _941059 |
|
| 655 | 7 |
_aRaport _2DBN _938388 |
|
| 655 | 7 |
_aWydawnictwo źródłowe _2DBN _935066 |
|
| 658 | _aBezpieczeństwo i wojskowość | ||
| 658 | _aHistoria | ||
| 700 | 1 |
_aGańczak, Filip _d(1981- ). _eAutor _941060 |
|
| 700 | 1 |
_aKnoch, Konrad. _eAutor _941061 |
|
| 700 | 1 |
_aAbryszeński, Piotr _d(1987- ). _eAutor _916254 |
|
| 700 | 1 |
_aPejaś, Ewa. _eAutor _941062 |
|
| 710 | 2 |
_aInstytut Pamięci Narodowej - Komisja Ścigania Zbrodni przeciwko Narodowi Polskiemu. _eInstytucja sprawcza _eWydawca _4pbl _911792 |
|
| 830 | 0 |
_aRaporty Polskie Stasi _vT. 1 _941063 |
|
| 920 | _a978-83-8098-922-1 (oprawa twarda) : zł 45,00 | ||
| 942 |
_2ddc _cBK_NM |
||
| 999 |
_c27907 _d27907 |
||